Statistics for Electronic Music A-Z

Click here to take the quiz!

General Stats

  • This quiz has been taken 145 times
  • The average score is 8 of 26

Answer Stats

ClueAnswer% Correct
THighest-paid DJ of 2013Tiësto
60%
ZGrammy-winning EDM star with "Clarity"ZEDD
60%
IWhat the 'I' stands for in IDMIntelligent
53%
JFrench duo of "D.A.N.C.E."Justice
52%
B2011 EP by brostep superstar SkrillexBangarang
48%
K'70s group of Trans-Europe ExpressKraftwerk
48%
ARichard D. James's pseudonym for SyroAphex Twin
47%
LSuccessful Avicii song sampling Etta JamesLevels
46%
SInstrument invented by Robert MoogSynthesizer
46%
HDaft Punk's debut albumHomework
42%
CDuo of 1997's Dig Your Own HoleChemical Brothers
36%
DMaker of sample-based Endtroducing...DJ Shadow
29%
ULandmark dubstep album by Burial in 2007Untrue
27%
F"I Can't Stop" and "Bass Cannon" producerFlux Pavilion
26%
O"Electric Feel" 2007 MGMT albumOracular Spectacular
24%
MJapanese noise musician with Pulse DemonMerzbow
21%
Rdeadmau5 LP with "Arguru" & "I Remember"Random Album Title
15%
EWorld's largest EDM festivalElectric Daisy Carnival
14%
WUnderworld's third album: dubnobass...withmyheadman
12%
Y2014 Flying Lotus LP; "Never Catch Me"You're Dead!
12%
GAesthetic failure style innovated by OvalGlitch
11%
PAcid house starting group of "Acid Tracks"Phuture
7%
QAnnual Dutch hardstyle festivalQlimax
6%
X"Choose Me II" Polish dubstep producerXilent
6%
N1996 Sasha & Digweed mix albumNorthern Exposure
4%
VAlliterative 2012 Bassnectar albumVava Voom
2%

Score Distribution

Percentile by Number Answered

Percent of People with Each Score

Your Score History

You have not taken this quiz